<?xml version="1.0" encoding="UTF-8"?>
<marc:record xmlns:marc="http://www.loc.gov/MARC21/slim" type="Bibliographic">
   <marc:leader>00000nam a2200000 c 4500</marc:leader>
   <marc:controlfield tag="001">965900827</marc:controlfield>
   <marc:controlfield tag="003">DE-101</marc:controlfield>
   <marc:controlfield tag="005">20171203133918.0</marc:controlfield>
   <marc:controlfield tag="007">tu</marc:controlfield>
   <marc:controlfield tag="008">021216s2003    gw ||||| |||| 00||||ger  </marc:controlfield>
   <marc:datafield ind1=" " ind2=" " tag="015">
      <marc:subfield code="a">03,A07,0472</marc:subfield>
      <marc:subfield code="2">dnb</marc:subfield>
   </marc:datafield>
   <marc:datafield ind1="7" ind2=" " tag="016">
      <marc:subfield code="2">DE-101</marc:subfield>
      <marc:subfield code="a">965900827</marc:subfield>
   </marc:datafield>
   <marc:datafield ind1=" " ind2=" " tag="020">
      <marc:subfield code="a">9783779903994</marc:subfield>
      <marc:subfield code="c">kart. : EUR 18.00</marc:subfield>
      <marc:subfield code="9">978-3-7799-0399-4</marc:subfield>
   </marc:datafield>
   <marc:datafield ind1=" " ind2=" " tag="020">
      <marc:subfield code="a">3779903997</marc:subfield>
      <marc:subfield code="c">kart. : EUR 18.00</marc:subfield>
      <marc:subfield code="9">3-7799-0399-7</marc:subfield>
   </marc:datafield>
   <marc:datafield ind1=" " ind2=" " tag="035">
      <marc:subfield code="a">(DE-599)DNB965900827</marc:subfield>
   </marc:datafield>
   <marc:datafield ind1=" " ind2=" " tag="035">
      <marc:subfield code="a">(OCoLC)163491377</marc:subfield>
   </marc:datafield>
   <marc:datafield ind1=" " ind2=" " tag="040">
      <marc:subfield code="a">1240</marc:subfield>
      <marc:subfield code="b">ger</marc:subfield>
      <marc:subfield code="c">DE-101</marc:subfield>
      <marc:subfield code="d">9999</marc:subfield>
   </marc:datafield>
   <marc:datafield ind1=" " ind2=" " tag="041">
      <marc:subfield code="a">ger</marc:subfield>
   </marc:datafield>
   <marc:datafield ind1=" " ind2=" " tag="044">
      <marc:subfield code="c">XA-DE</marc:subfield>
   </marc:datafield>
   <marc:datafield ind1=" " ind2=" " tag="084">
      <marc:subfield code="a">14</marc:subfield>
      <marc:subfield code="a">64</marc:subfield>
      <marc:subfield code="a">16</marc:subfield>
      <marc:subfield code="a">300</marc:subfield>
      <marc:subfield code="a">360</marc:subfield>
      <marc:subfield code="q">DE-101</marc:subfield>
      <marc:subfield code="2">sdnb</marc:subfield>
   </marc:datafield>
   <marc:datafield ind1=" " ind2=" " tag="084">
      <marc:subfield code="a">9.3b</marc:subfield>
      <marc:subfield code="a">9.3c</marc:subfield>
      <marc:subfield code="a">9.3b</marc:subfield>
      <marc:subfield code="a">9.4b</marc:subfield>
      <marc:subfield code="a">9.3b</marc:subfield>
      <marc:subfield code="q">DE-101</marc:subfield>
      <marc:subfield code="2">sswd</marc:subfield>
   </marc:datafield>
   <marc:datafield ind1=" " ind2=" " tag="090">
      <marc:subfield code="a">b</marc:subfield>
   </marc:datafield>
   <marc:datafield ind1="1" ind2=" " tag="100">
      <marc:subfield code="0">(DE-588)120711524</marc:subfield>
      <marc:subfield code="0">https://d-nb.info/gnd/120711524</marc:subfield>
      <marc:subfield code="0">(DE-101)120711524</marc:subfield>
      <marc:subfield code="a">Treibel, Annette</marc:subfield>
      <marc:subfield code="d">1957-</marc:subfield>
      <marc:subfield code="e">Verfasser</marc:subfield>
      <marc:subfield code="4">aut</marc:subfield>
      <marc:subfield code="2">gnd</marc:subfield>
   </marc:datafield>
   <marc:datafield ind1="1" ind2="0" tag="245">
      <marc:subfield code="a">Migration in modernen Gesellschaften</marc:subfield>
      <marc:subfield code="b">soziale Folgen von Einwanderung, Gastarbeit und Flucht</marc:subfield>
      <marc:subfield code="c">Annette Treibel</marc:subfield>
   </marc:datafield>
   <marc:datafield ind1=" " ind2=" " tag="250">
      <marc:subfield code="a">3. Aufl.</marc:subfield>
   </marc:datafield>
   <marc:datafield ind1=" " ind2=" " tag="259">
      <marc:subfield code="a">13</marc:subfield>
   </marc:datafield>
   <marc:datafield ind1=" " ind2="1" tag="264">
      <marc:subfield code="a">Weinheim</marc:subfield>
      <marc:subfield code="a">München</marc:subfield>
      <marc:subfield code="b">Juventa-Verl.</marc:subfield>
      <marc:subfield code="c">2003</marc:subfield>
   </marc:datafield>
   <marc:datafield ind1=" " ind2=" " tag="300">
      <marc:subfield code="a">272 S.</marc:subfield>
      <marc:subfield code="b">graph. Darst., Kt.</marc:subfield>
      <marc:subfield code="c">23 cm</marc:subfield>
   </marc:datafield>
   <marc:datafield ind1=" " ind2=" " tag="336">
      <marc:subfield code="a">Text</marc:subfield>
      <marc:subfield code="b">txt</marc:subfield>
      <marc:subfield code="2">rdacontent</marc:subfield>
   </marc:datafield>
   <marc:datafield ind1=" " ind2=" " tag="337">
      <marc:subfield code="a">ohne Hilfsmittel zu benutzen</marc:subfield>
      <marc:subfield code="b">n</marc:subfield>
      <marc:subfield code="2">rdamedia</marc:subfield>
   </marc:datafield>
   <marc:datafield ind1=" " ind2=" " tag="338">
      <marc:subfield code="a">Band</marc:subfield>
      <marc:subfield code="b">nc</marc:subfield>
      <marc:subfield code="2">rdacarrier</marc:subfield>
   </marc:datafield>
   <marc:datafield ind1="0" ind2=" " tag="490">
      <marc:subfield code="a">Grundlagentexte Soziologie</marc:subfield>
   </marc:datafield>
   <marc:datafield ind1=" " ind2=" " tag="500">
      <marc:subfield code="a">Literaturverz. S. 245 - 272</marc:subfield>
   </marc:datafield>
   <marc:datafield ind1=" " ind2="7" tag="650">
      <marc:subfield code="0">(DE-588)4120730-0</marc:subfield>
      <marc:subfield code="0">https://d-nb.info/gnd/4120730-0</marc:subfield>
      <marc:subfield code="0">(DE-101)041207300</marc:subfield>
      <marc:subfield code="a">Migration</marc:subfield>
      <marc:subfield code="2">gnd</marc:subfield>
   </marc:datafield>
   <marc:datafield ind1=" " ind2="7" tag="650">
      <marc:subfield code="0">(DE-588)4077570-7</marc:subfield>
      <marc:subfield code="0">https://d-nb.info/gnd/4077570-7</marc:subfield>
      <marc:subfield code="0">(DE-101)040775704</marc:subfield>
      <marc:subfield code="a">Soziale Integration</marc:subfield>
      <marc:subfield code="2">gnd</marc:subfield>
   </marc:datafield>
   <marc:datafield ind1=" " ind2="7" tag="650">
      <marc:subfield code="0">(DE-588)4002623-1</marc:subfield>
      <marc:subfield code="0">https://d-nb.info/gnd/4002623-1</marc:subfield>
      <marc:subfield code="0">(DE-101)04002623X</marc:subfield>
      <marc:subfield code="a">Arbeitnehmer</marc:subfield>
      <marc:subfield code="2">gnd</marc:subfield>
   </marc:datafield>
   <marc:datafield ind1=" " ind2="7" tag="650">
      <marc:subfield code="0">(DE-588)4013960-8</marc:subfield>
      <marc:subfield code="0">https://d-nb.info/gnd/4013960-8</marc:subfield>
      <marc:subfield code="0">(DE-101)040139603</marc:subfield>
      <marc:subfield code="a">Einwanderung</marc:subfield>
      <marc:subfield code="2">gnd</marc:subfield>
   </marc:datafield>
   <marc:datafield ind1=" " ind2="7" tag="650">
      <marc:subfield code="0">(DE-588)4112646-4</marc:subfield>
      <marc:subfield code="0">https://d-nb.info/gnd/4112646-4</marc:subfield>
      <marc:subfield code="0">(DE-101)041126467</marc:subfield>
      <marc:subfield code="a">Auswirkung</marc:subfield>
      <marc:subfield code="2">gnd</marc:subfield>
   </marc:datafield>
   <marc:datafield ind1=" " ind2="7" tag="650">
      <marc:subfield code="0">(DE-588)4017604-6</marc:subfield>
      <marc:subfield code="0">https://d-nb.info/gnd/4017604-6</marc:subfield>
      <marc:subfield code="0">(DE-101)040176045</marc:subfield>
      <marc:subfield code="a">Flüchtling</marc:subfield>
      <marc:subfield code="2">gnd</marc:subfield>
   </marc:datafield>
   <marc:datafield ind1=" " ind2="7" tag="650">
      <marc:subfield code="0">(DE-588)4315666-6</marc:subfield>
      <marc:subfield code="0">https://d-nb.info/gnd/4315666-6</marc:subfield>
      <marc:subfield code="0">(DE-101)043156665</marc:subfield>
      <marc:subfield code="a">Zuwanderung</marc:subfield>
      <marc:subfield code="2">gnd</marc:subfield>
   </marc:datafield>
   <marc:datafield ind1=" " ind2="7" tag="650">
      <marc:subfield code="0">(DE-588)4112646-4</marc:subfield>
      <marc:subfield code="0">https://d-nb.info/gnd/4112646-4</marc:subfield>
      <marc:subfield code="0">(DE-101)041126467</marc:subfield>
      <marc:subfield code="a">Auswirkung</marc:subfield>
      <marc:subfield code="2">gnd</marc:subfield>
   </marc:datafield>
   <marc:datafield ind1="0" ind2="0" tag="689">
      <marc:subfield code="0">(DE-588)4120730-0</marc:subfield>
      <marc:subfield code="0">https://d-nb.info/gnd/4120730-0</marc:subfield>
      <marc:subfield code="0">(DE-101)041207300</marc:subfield>
      <marc:subfield code="D">s</marc:subfield>
      <marc:subfield code="a">Migration</marc:subfield>
   </marc:datafield>
   <marc:datafield ind1="0" ind2="1" tag="689">
      <marc:subfield code="0">(DE-588)4077570-7</marc:subfield>
      <marc:subfield code="0">https://d-nb.info/gnd/4077570-7</marc:subfield>
      <marc:subfield code="0">(DE-101)040775704</marc:subfield>
      <marc:subfield code="D">s</marc:subfield>
      <marc:subfield code="a">Soziale Integration</marc:subfield>
   </marc:datafield>
   <marc:datafield ind1="0" ind2=" " tag="689">
      <marc:subfield code="5">DE-101</marc:subfield>
      <marc:subfield code="5">DE-101</marc:subfield>
   </marc:datafield>
   <marc:datafield ind1="1" ind2="0" tag="689">
      <marc:subfield code="0">(DE-588)4002623-1</marc:subfield>
      <marc:subfield code="0">https://d-nb.info/gnd/4002623-1</marc:subfield>
      <marc:subfield code="0">(DE-101)04002623X</marc:subfield>
      <marc:subfield code="D">s</marc:subfield>
      <marc:subfield code="a">Arbeitnehmer</marc:subfield>
   </marc:datafield>
   <marc:datafield ind1="1" ind2="1" tag="689">
      <marc:subfield code="0">(DE-588)4013960-8</marc:subfield>
      <marc:subfield code="0">https://d-nb.info/gnd/4013960-8</marc:subfield>
      <marc:subfield code="0">(DE-101)040139603</marc:subfield>
      <marc:subfield code="D">s</marc:subfield>
      <marc:subfield code="a">Einwanderung</marc:subfield>
   </marc:datafield>
   <marc:datafield ind1="1" ind2="2" tag="689">
      <marc:subfield code="0">(DE-588)4112646-4</marc:subfield>
      <marc:subfield code="0">https://d-nb.info/gnd/4112646-4</marc:subfield>
      <marc:subfield code="0">(DE-101)041126467</marc:subfield>
      <marc:subfield code="D">s</marc:subfield>
      <marc:subfield code="a">Auswirkung</marc:subfield>
   </marc:datafield>
   <marc:datafield ind1="1" ind2=" " tag="689">
      <marc:subfield code="5">DE-101</marc:subfield>
      <marc:subfield code="5">DE-101</marc:subfield>
   </marc:datafield>
   <marc:datafield ind1="2" ind2="0" tag="689">
      <marc:subfield code="0">(DE-588)4017604-6</marc:subfield>
      <marc:subfield code="0">https://d-nb.info/gnd/4017604-6</marc:subfield>
      <marc:subfield code="0">(DE-101)040176045</marc:subfield>
      <marc:subfield code="D">s</marc:subfield>
      <marc:subfield code="a">Flüchtling</marc:subfield>
   </marc:datafield>
   <marc:datafield ind1="2" ind2="1" tag="689">
      <marc:subfield code="0">(DE-588)4315666-6</marc:subfield>
      <marc:subfield code="0">https://d-nb.info/gnd/4315666-6</marc:subfield>
      <marc:subfield code="0">(DE-101)043156665</marc:subfield>
      <marc:subfield code="D">s</marc:subfield>
      <marc:subfield code="a">Zuwanderung</marc:subfield>
   </marc:datafield>
   <marc:datafield ind1="2" ind2="2" tag="689">
      <marc:subfield code="0">(DE-588)4112646-4</marc:subfield>
      <marc:subfield code="0">https://d-nb.info/gnd/4112646-4</marc:subfield>
      <marc:subfield code="0">(DE-101)041126467</marc:subfield>
      <marc:subfield code="D">s</marc:subfield>
      <marc:subfield code="a">Auswirkung</marc:subfield>
   </marc:datafield>
   <marc:datafield ind1="2" ind2=" " tag="689">
      <marc:subfield code="5">DE-101</marc:subfield>
      <marc:subfield code="5">DE-101</marc:subfield>
   </marc:datafield>
   <marc:datafield ind1=" " ind2=" " tag="850">
      <marc:subfield code="a">DE-101a</marc:subfield>
      <marc:subfield code="a">DE-101b</marc:subfield>
   </marc:datafield>
   <marc:datafield ind1="4" ind2="2" tag="856">
      <marc:subfield code="m">V:DE-604</marc:subfield>
      <marc:subfield code="q">application/pdf</marc:subfield>
      <marc:subfield code="u">https://d-nb.info/965900827/04</marc:subfield>
      <marc:subfield code="3">Inhaltsverzeichnis</marc:subfield>
   </marc:datafield>
   <marc:datafield ind1="r" ind2=" " tag="925">
      <marc:subfield code="a">ra</marc:subfield>
   </marc:datafield>
</marc:record>
